| 000 | 00823cam a22002651 4500 | ||
|---|---|---|---|
| 001 | 21196 | ||
| 003 | BD-RjUL | ||
| 005 | 20211209000647.0 | ||
| 008 | 140303s1950 njuac b 000 0 eng d | ||
| 035 | _a(BD-RjUL) 21260 | ||
| 035 | _a(OCoLC)993556 | ||
| 040 |
_aDLC _cOWilmC _dOCoLC _dUk _dDLC _dBD-RjUL _beng |
||
| 041 | _aeng | ||
| 082 | 0 | 0 |
_a821.69 _bSMP 1950 |
| 100 | 1 |
_aSmart, Christopher, _d1722-1771. _960859 |
|
| 245 | 0 | 0 |
_aPoems / _cedited with an introd. and notes by Robert Brittain. |
| 260 |
_aPrinceton : _bPrinceton University Press, _c1950. |
||
| 300 |
_axii, 326 p. : _billus., ports. ; _c24 cm. |
||
| 504 | _aBibliography: p. [319]-321. | ||
| 650 | 0 |
_aPoems _965501 |
|
| 700 | 1 |
_aBrittain, Robert Edward, _d1908- _eed. _965502 |
|
| 942 |
_2ddc _cBK |
||
| 999 |
_c21196 _d21196 |
||